| 000 | 01682cam a22003375a 4500 | ||
|---|---|---|---|
| 001 | ocm48773905 | ||
| 003 | EG-ScBUE | ||
| 005 | 20220420100249.0 | ||
| 008 | 020109s2011 enk f b 001 0 eng d | ||
| 020 | _a1900650541 (Paperback : alk. paper) | ||
| 020 | _a9781900650540 (Paperback : alk. paper) | ||
| 035 | _a(OCoLC)ocm48773905 | ||
| 040 |
_aDLC _beng _erda _cDLC _dEG-ScBUE |
||
| 082 | 0 | 4 |
_222 _a418.02072 _bWIL |
| 100 | 1 |
_aWilliams, Jenny, _d1939- _eauthor. _941176 |
|
| 245 | 1 | 4 |
_aThe map : _ba beginner's guide to doing research in translation studies / _cby Jenny Williams, Dublin City University, Ireland and Andrew Chesterman, University of Helsinki, Finland. |
| 250 | _aFifth edition. | ||
| 264 | 1 |
_aLondon ; _aNew York : _bRoutledge, _c2011. |
|
| 300 |
_a149 pages ; _c22 cm |
||
| 336 |
_2rdacontent _atext _btxt |
||
| 337 |
_2rdamedia _aunmediated _bn |
||
| 338 |
_2rdacarrier _avolume _bnc |
||
| 504 | _aIncludes bibliographical references and index. | ||
| 505 | _aChapter 1: Areas in Translation Research -- Chapter 2: From the Initial Idea to the Plan -- Chapter 3:Theoretical Models of Translation -- Chapter 4: Kinds of Research -- Chapter 5: Questions, Claims, Hypotheses -- Chapter 6: Relations between Variables -- Chapter 7: Selecting and Analyzing Data -- Chapter 8: Writing Your Research Report -- Chapter 9: Presenting Your Research Orally -- Chapter 10: Assessing Your Research | ||
| 650 | 7 |
_aTranslating and interpreting _xResearch _xMethodology. _2BUEsh _940298 |
|
| 651 | _2BUEsh | ||
| 653 |
_bHHUUEENN _cSeptember2016 |
||
| 655 |
_vReading book _934232 |
||
| 700 | 1 |
_aChesterman, Andrew, _eauthor. _941175 |
|
| 942 |
_2ddc _e22 _k418.02072 WIL _cBB |
||
| 999 |
_c22384 _d22356 |
||